000 00878nam a2200277Ia 4500
001 Para_8590
003 CHAP
008 220125s9999 xx 000 0 und d
010 _a207401
040 _cCHAP
082 _aPA-C 595.752 A6
100 _aAckerman, Lloyd
_9173997
245 _aThe physiological basis of wing production in the grain aphid /
_c by Lloyd Ackerman
300 _a61 p.
440 _aAphidae; 23
_9173975
500 _aSobretiro de: J. Exp. Zoology, 44: 1-61, 1926. Encuadernado con otros impresos similares
650 _a
_x Afididos
_x Colecciones de escritos
_x Toxoptera granarium
_9173633
710 _aJournal of Experimental Zoology 44
_9173998
901 _aPA-C 595.752 A6
902 _aA
905 _a000000 0000000000 00
910 _a
942 _cPARA
942 _cPARA
_d1
999 _c207401
_d207401